Studené emitory elektrónov na báze alotropných modifikácií uhlíka

Na minha lista:
Detalhes bibliográficos
Autor principal: Špakovský, Juraj (Author)
Outros Autores: Janík, Ján, 1946- (Thesis advisor)
Formato: Manuscrito Livro
Idioma:eslovaco
Publicado em: Bratislava : STU v Bratislave FEI, 2008
Assuntos:
Tags: Adicionar Tag
Sem tags, seja o primeiro a adicionar uma tag!

MARC

LEADER 00000ntm a22000003a 4500
001 stu179602
005 20160719165124.0
008 090210s2008----xo------------------slo-d
040 |a STU  |b slo 
041 0 |a slo 
044 |a xo 
100 1 |a Špakovský, Juraj  |4 aut 
245 1 |a Studené emitory elektrónov na báze alotropných modifikácií uhlíka 
260 |a Bratislava :  |b STU v Bratislave FEI,  |c 2008 
300 |a 63 s  |c príl. 
650 7 |a elektronika  |2 stusub 
650 7 |a Mikroelektronika  |2 stusub 
700 1 |a Janík, Ján,  |d 1946-  |4 ths  |u E030  |U FEI Fakulta elektrotechniky a informatiky  |T FEI Ústav elektroniky a fotoniky  |X 2098  |U E030  |Y 549  |7 A000002098